00333nam a2200145Ia 45000030006000000080041000060400015000471000021000622450031000832500006001142600030001203000006001505460014001560050017001700STCL150530s9999 xx 000 0 und d aSTCLcSTCL aRamesan Vattyara aKadha Paranju Kanakkilethi a1 bChintha; Trivandrumc2007 a0 aMalayalam20220125165818.0